| 000 | 02331nam0a2200433 4500 | ||
|---|---|---|---|
| 001 | RU\NLR\BIBL_A\012524309 | ||
| 005 | 20210624132822.0 | ||
| 010 |
_a978-5-7996-3074-4 _9300 |
||
| 021 |
_aRU _bКН-П-20-089875 _9КН-П-20-6822 |
||
| 035 | _a(NLR Aleph) 012524309 | ||
| 035 | _a(RuMoRGB)010542610 | ||
| 090 |
_a12338053 _c12338053 |
||
| 100 | _a20210521d2020 k y0rusy50 ca | ||
| 101 | 0 |
_arus _aeng _deng _erus _eeng |
|
| 102 | _aRU | ||
| 105 | _ay z 000zy | ||
| 181 | 0 |
_ai _baxxe |
|
| 182 | 0 | _an | |
| 200 | 1 |
_aСМИ как медиатор коммуникативно-культурной памяти _dMass media as a mediator of communicative and cultural memory _eмонография _fВ. Ф. Олешко, Е. В. Олешко _gМинистерство науки и высшего образования Российской Федерации, Уральский федеральный университет имени первого президента России Б. Н. Ельцина _zeng |
|
| 203 |
_aТекст _bвизуальный _cнепосредственный |
||
| 210 |
_aЕкатеринбург _cИзд-во Уральского университета _d2020 |
||
| 215 |
_a468, [2] с. _cтабл. _d21 |
||
| 300 | _aАвт. также на англ. яз.: V. F. Oleshko, E. V. Oleshko | ||
| 300 | _aЧасть текста англ. | ||
| 320 | _aБиблиогр.: с. 438-455 и в подстроч. примеч. | ||
| 510 | 1 |
_6z37790 _aMass media as a mediator of communicative and cultural memory _zeng |
|
| 606 | 1 |
_aКонвергентная журналистика _2nlr_sh2 _3RU\NLR\AUTH\6601547768 |
|
| 606 | 1 |
_aСредства массовой информации _xСоциологические исследования _2nlr_sh1 _2nlr_sh2 _3RU\NLR\AUTH\661295392 |
|
| 686 | 1 | _aЧ612.1 | |
| 686 | 1 | _aС550.57 | |
| 700 | 1 |
_aОлешко _bВ. Ф. _f1955- _gВладимир Федорович _3RU\NLR\AUTH\770144486 |
|
| 701 | 1 |
_aОлешко _bЕ. В. _gЕвгений Владимирович |
|
| 790 | 1 |
_6z37 _aOleško _bV. F. _f1955- _gVladimir Fedorovič |
|
| 790 | 1 |
_6z37 _6z37510 _aOleško _bE. V. _gEvgenij Vladimirovič |
|
| 942 | _cBOOK | ||
| 980 | _aNBR | ||
| 980 | _aNB | ||